MDQL
is popping MORE tags! Check the
thread
!
Quizzes
Events
Quiz Creation
Community
Videos
Private Events
Remove Ads
Sign In
Join for FREE
Feedback
Dark Mode
Quiz Categories
Sports
Geography
Music
Movies
Television
Just For Fun
Miscellaneous
History
Literature
Language
Science
Gaming
Entertainment
Religion
Holiday
For Kids
Quiz Lab
Recent
Popular Today
Quiz Kudos Today
Editor Picks
Curator Picks
Quizzes by...
Day
Popularity
Type
Ratings
Length
Year
Community
Subscriptions
Recent Discussions
Orange Saloon
Badges
Playlists
Quests
Create
Leaderboards
Showdown
Live 5
Trivia Bingo
Activity
Puzzle Library
Sporcle Events
Private Events
Virtual Trivia
Globe League
Become a Host
Pub Owners
SporcleCon
Opinionation
Our Games
Videos
Blog
Mobile Apps
Partnerships
Remove Ads and Go Orange
Feedback
Movies
Disney
Marvel Cinematic Universe
Movie Resume
Movie Titles
Oscar
Actor
Actress
Director
Pixar
Role
Movie Quotes
Movie Characters
Box Office
Nominee
Best Picture
Star Wars
James Bond
Horror Movies
Movies
Disney
Marvel Cinematic Universe
Movie Resume
Movie Titles
Oscar
Actor
Actress
Director
Pixar
Role
Movie Quotes
Movie Characters
Box Office
Nominee
Best Picture
Star Wars
James Bond
Horror Movies
Random Quiz
Search Sporcle
×
Quiz Lab
Quiz Lab
Movies
pie
Type in answers that appear in a list
Type in answers that appear in a list
Classic
Best Score? Go Orange.
American Pie Films 1-3 Trivia Stats
Can you name the American Pie Films 1-3 Trivia?
By
mikelfc100
7m
30 Questions
653 Plays
653 Plays
653 Plays
Comments
Comments
Give Quiz Kudos
Give Quiz Kudos
-
- Ratings
hide this ad
Forced Order
Answers have to be entered in order
Answers have to be entered in order
Replay
Link that replays current quiz
Next Quiz
Link to next quiz in quiz playlist
You Got
0%
They Got
Avg Score
59%
Avg Friend Score
Upgrade to see
Score Distribution
Jump to the score distribution portion of the page
Score
0/30
Timer
07:00
0
Plays Today
Questions
Answers
% Correct
What year was the first film released?
1999
96.8%
Where does Jim go to meet up with Michelle?
Band Camp
81.2%
Which actor plays Jim?
Jason Biggs
76.3%
What group does Oz join to lose his reputation as an insensitive jock?
Choir
75.5%
What is Finch's first name?
Paul
74.4%
What does Sherman call himself?
The Sherminator
73%
What does Jim's Dad take with him to surprise Jim with at college at the start of the second film?
Beer
70.8%
Jim's grandmother doesn't approve of Michelle because she isn't what?
Jewish
70.3%
What is the name of the girl he meets there?
Heather
69.7%
Where do Jim and Nadia go during the party?
The Lighthouse
69.5%
Who teaches Jim to dance?
Stifler
69.1%
What summer job does kevin find for them?
Painting and Decorating
68.5%
What does Jim drop out of the window which ruins the first wedding cake?
His Pubic Hair
66.6%
What does Stifler ruin the night before the wedding?
The Flowers
66%
What does Stifler put in Finch's mochaccino?
Laxative
65.4%
Questions
Answers
% Correct
Which state is the first film set in?
Michigan
65.1%
At the start of the third film, where does Jim ask Michelle to marry him?
In A Restaurant
59.3%
Where do they find the dressmaker?
In A Gay Bar
58.8%
Which band make a cameo appearance watching Jim and Nadia over the internet?
Blink-182
54.5%
What is the name of the trombone player he is mistaken for while there?
Petey
54.1%
Which city does Jim go to in an attempt to get a dress made for Michelle?
Chicago
51.6%
Where does Oz's girlfriend spend the summer?
Spain
51.5%
Where is Nadia from?
Czechoslovakia
51.1%
What has Finch been learning to try and impress her?
Tantra
49.3%
What does he give to Michelle's sister as a sign of remorse?
A Rose
41.3%
What is the name of the town in this state?
East Great Falls
39.7%
What is the name of Stifler's younger brother?
Matt
36.3%
What is Michelle's sister called?
Cadence
32.9%
What is Stifler's Moms name?
Jeanine
30.9%
Name one of the two 'MILF guys' who fantasize over Stifler's Mom in all three films
John or Justin
27.1%
Quiz Playlist
Details
Report
Send in Message
Add To Playlist
Classic:
Type in answers that appear in a list
Forced Order:
Answers have to be entered in order
Quiz Source
Last Updated: Apr 19, 2021
Quiz Scoreboard
CHALLENGE
Sign Up to Join the Scoreboard
Show All
Scores
Hide
Comments
May contain spoilers
Recently Published
Street Fighter Characters
by Artimus82
Gaming
60s
9x9 Crossword: Cartoon Network
by jackfrog10
Miscellaneous
3m
College Basketball Coaching Resumes
by pancakes188
Sports
9m
More to Explore
Quiz From the Vault
Featured Blog Post
Where Did the Easter Bunny Come From?
hide this ad
You Might Also Like...
Tags
1-3
America
pie
Today's Top Quizzes in Movies
Browse Movies
hide this ad
Today's Top Quizzes in pie
Browse pie
Top Contributed Quizzes in Movies
1
Pick 5 Posters: Directed by Spielberg
2
7-to-1: Pixar Characters
3
Hidden Star Wars Character II
4
Pick 5 Posters: Lowest-Rated Spielberg
5
Sorting Actors
6
Sorting Actresses
7
Hidden Star Wars Character III
8
Pick 5 Posters: Directed by Scorsese
9
Hidden Star Wars Character IV
10
Pick 5 Posters: Star & Director
Explore More
Trending Topics
Harry Potter
Kpop
Disney
NBA
Marvel
Anime
Crossword
WWE
The Office
NFL
Country
Puzzle
Song
Soccer
Pokémon
hide this ad
More By:
mikelfc100
Quiz
Plays
Rating
Category
Featured
Created
10 Largest Counties In England (By Area)
1,331
3.67
Geography
Jan 1, 2011
American Pie Films 1-3 Trivia
653
4.00
Movies
Jan 29, 2013
Liverpool Postcode Areas
565
5.00
Geography
Dec 7, 2010
10 Largest US States (by area)
318
3.83
Geography
Jan 1, 2011
Go to Creator's Profile
Score Distribution
Quiz Creator Spotlight
mikelfc100
Follow
Send a Message
Quizzes Created
-
Created Quiz Play Count
-
More By This Creator
Popular Quizzes Today
1
Find the US States - No Outlines Minefield
2
Find the Countries of Europe - No Outlines Minefield
3
The Countries of the World
4
Find the US States
5
Risky Map Clicking: Biggest States A-Z
6
US States
7
Popular People in 1961
8
Movies - When Are They Set?
More Movies Quizzes
The 'Marvel MCU: Movie/Phase Match-Up' Quiz!
Curator's Pick
Trending Quizzes
Risky Map Clicking: Least Populous States A-Z
Countries of the World: 200 Million BC
Billboard Blitz: Aretha Franklin
1-10 Letter G Words
Famous Russians: Author or Composer?
Recently Updated
Leaping Animals
pecheneg
Reality TV Shows (A-Z)
bhenderson79
Rickey Henderson's Hall of Fame Teammates
pecheneg
Champions League XIs: Arsenal
pecheneg
Quick Pick: Celebrities in WWE's Hall of Fame
aduchscher
A-Z Keypad Blitz II
pecheneg
Multiple Oscar Actors
pecheneg
Mystery Phrase Blitz: Oscar 'Best Actors'
pecheneg
F. Scott Fitzgerald Novels
LTH
Pick 3 Villains
ddd62291
Trending Topics
Kpop
Marvel
Disney
Anime
Crossword
Harry Potter
NBA
Soccer
Song
WWE
Country
The Office
Pokémon
NFL
Puzzle
Your Account Isn't Verified!
In order to create a playlist on Sporcle, you need to verify the email address you used during registration. Go to your
Sporcle Settings
to finish the process.
Report this User
Report this user for behavior that violates our
Community Guidelines
.
Details:
Send Report
Go to the Sporcle.com Mobile Site →
Comments